[Event "Pula op"]
[Site "Pula"]
[Date "1990.??.??"]
[Round "5"]
[White "Vujadinovic, Goran"]
[Black "Marjanovic, Bodin"]
[Result "1/2-1/2"]
[WhiteElo "2370"]
[BlackElo "2295"]
[PlyCount "93"]
[EventDate "1990.??.??"]
[EventType "swiss"]
[EventRounds "9"]
[EventCountry "YUG"]
[SourceTitle "EXT 2000"]
[Source "ChessBase"]
[SourceDate "1999.11.16"]
[SourceVersion "1"]
[SourceVersionDate "1999.11.16"]
[SourceQuality "1"]

1. e4 e5 2. Nf3 Nc6 3. Bb5 Bc5 4. 0-0 Nd4 5. Nxd4 Bxd4 6. c3 Bb6 7. d4 c6 8. Ba4 d6 9. dxe5 dxe5 10. Qxd8+ Bxd8 11. Rd1 Nf6 12. Bg5 Be6 13. Nd2 Nd7 14. Be3 Bb6 15. Bxb6 Nxb6 16. Bb3 Ke7 17. Bxe6 Kxe6 18. a4 Rhd8 19. a5 Nd7 20. Nc4 Nc5 21. f3 Nb3 22. Rab1 f6 23. h4 g6 24. Kf2 Ke7 25. Ke3 Rxd1 26. Rxd1 Rd8 27. Rxd8 Kxd8 28. f4 exf4+ 29. Kxf4 Ke7 30. e5 Ke6 31. exf6 Kxf6 32. Nd6 Nxa5 33. b4 Ke6 34. Ne4 Nb3 35. Ng5+ Ke7 36. Nxh7 b6 37. Ke3 a5 38. bxa5 bxa5 39. Kd3 Nc5+ 40. Kc2 Ne6 41. Kb3 Nc5+ 42. Ka3 Ne4 43. Ka4 Nxc3+ 44. Kxa5 Ne4 45. Kb4 Kf7 46. Kc4 Kg7 47. Ng5 1/2-1/2

[Event "Belgrade op"]
[Site "Belgrade"]
[Date "1989.??.??"]
[Round "4"]
[White "Marjanovic, Bodin"]
[Black "Arsovic, Zoran"]
[Result "1-0"]
[WhiteElo "2320"]
[BlackElo "2380"]
[PlyCount "77"]
[EventDate "1989.11.??"]
[EventType "swiss"]
[EventRounds "9"]
[EventCountry "YUG"]
[SourceTitle "EXT 1997"]
[Source "ChessBase"]
[SourceDate "1996.11.15"]
[SourceVersion "1"]
[SourceVersionDate "1996.11.15"]
[SourceQuality "1"]

1. e4 c5 2. Nc3 Nc6 3. g3 g6 4. Bg2 Bg7 5. d3 d6 6. f4 e6 7. Nf3 Nge7 8. 0-0 0-0 9. Ne2 b6 10. c3 Qd7 11. Be3 f5 12. Bf2 Ba6 13. exf5 gxf5 14. Re1 Kh8 15. Qd2 Rae8 16. Rad1 e5 17. a3 Ng6 18. b4 Bb7 19. h3 Re7 20. Kh2 Rfe8 21. Neg1 Bh6 22. Ng5 cxb4 23. axb4 Qc7 24. fxe5 Ncxe5 25. d4 Bxg2 26. dxe5 Bb7 27. exd6 Qc6 28. Bd4+ Bg7 29. Bxg7+ Kxg7 30. Rxe7+ Nxe7 31. N1f3 Nd5 32. d7 Qxd7 33. c4 h6 34. cxd5 hxg5 35. Nxg5 Kg6 36. Ne6 Kf7 37. Qg5 Bxd5 38. Qxf5+ Kg8 39. Qg6+ 1-0

[Event "Belgrade op"]
[Site "Belgrade"]
[Date "1989.??.??"]
[Round "8"]
[White "Mrsevic, Miroslav"]
[Black "Marjanovic, Bodin"]
[Result "1/2-1/2"]
[WhiteElo "2270"]
[BlackElo "2320"]
[PlyCount "94"]
[EventDate "1989.11.??"]
[EventType "swiss"]
[EventRounds "9"]
[EventCountry "YUG"]
[SourceTitle "EXT 1997"]
[Source "ChessBase"]
[SourceDate "1996.11.15"]
[SourceVersion "1"]
[SourceVersionDate "1996.11.15"]
[SourceQuality "1"]

1. e4 e5 2. Nf3 Nc6 3. Nc3 Nf6 4. Bb5 a6 5. Bxc6 dxc6 6. Nxe5 Nxe4 7. Nxe4 Qd4 8. 0-0 Qxe5 9. d4 Qf5 10. Re1 Be6 11. Bg5 h6 12. Bh4 Bd6 13. Qd2 0-0 14. Nxd6 cxd6 15. Be7 Rfe8 16. Bxd6 Rad8 17. Re5 Qg6 18. Bc7 Rc8 19. Bb6 Bd5 20. f4 f6 21. Ree1 Re4 22. Rxe4 Bxe4 23. c4 Bd3 24. b3 Re8 25. Re1 Rxe1+ 26. Qxe1 Qe4 27. Qd2 Kf7 28. Kf2 f5 29. Qe3 Bb1 30. Qd2 Qc2 31. Qxc2 Bxc2 32. Ke2 Bb1 33. Kd2 Ke6 34. g3 g6 35. Kc3 h5 36. a4 Be4 37. a5 Bf3 38. Bc7 Bd1 39. Be5 Bf3 40. Kd2 Be4 41. b4 Bg2 42. Kc3 Bf1 43. h4 Be2 44. Bb8 Bf1 45. Be5 Be2 46. Bg7 Bf1 47. Bh6 Be2 1/2-1/2

[Event "Pau op"]
[Site "Pau"]
[Date "1988.??.??"]
[Round "3"]
[White "Ghafari, Raymond"]
[Black "Marjanovic, Bodin"]
[Result "1-0"]
[WhiteElo "2090"]
[BlackElo "2320"]
[PlyCount "89"]
[EventDate "1988.??.??"]
[EventType "swiss"]
[EventRounds "9"]
[EventCountry "FRA"]
[SourceTitle "EXT 1997"]
[Source "ChessBase"]
[SourceDate "1996.11.15"]
[SourceVersion "1"]
[SourceVersionDate "1996.11.15"]
[SourceQuality "1"]

1. c4 e5 2. Nc3 Nc6 3. Nf3 f5 4. d3 Nf6 5. g3 g6 6. Bg2 Bg7 7. Rb1 a5 8. a3 0-0 9. b4 axb4 10. axb4 d6 11. Qb3 Kh8 12. b5 Na5 13. Qc2 Bd7 14. 0-0 Rb8 15. c5 e4 16. dxe4 fxe4 17. Ng5 dxc5 18. Qa2 Bf5 19. Nf7+ Rxf7 20. Qxf7 e3 21. Ra1 exf2+ 22. Kh1 b6 23. Bb2 Ng4 24. e4 Qd2 25. Nd1 Bxb2 26. Nxb2 Qh6 27. h4 Rf8 28. Qxc7 g5 29. Qe7 gxh4 30. Qxh4 Qxh4+ 31. gxh4 Bd7 32. Bh3 h5 33. Bxg4 hxg4 34. Kg2 Nb3 35. Ra7 Bxb5 36. Rxf2 Rxf2+ 37. Kxf2 c4 38. Rc7 Nd2 39. e5 Ne4+ 40. Kg1 Nc5 41. Nd1 Ne4 42. Ne3 Nd2 43. Nxg4 Nf3+ 44. Kf2 Nxh4 45. Nf6 1-0